Guruvachanam/ (Record no. 173977)

000 -LEADER
fixed length control field 00405nam a22001577a 4500
020 ## - INTERNATIONAL STANDARD BOOK NUMBER
ISBN 9788193758984
082 ## - DEWEY DECIMAL CLASSIFICATION NUMBER
Classification number M1
Item number SIV/G
100 ## - MAIN ENTRY--AUTHOR NAME
Personal name Sivasankaran Nair Tamattoor
245 ## - TITLE STATEMENT
Title Guruvachanam/
Statement of responsibility, etc by Sivasankaran Nair Tamattoor
260 ## - PUBLICATION, DISTRIBUTION, ETC. (IMPRINT)
Place of publication Ernakulam:
Name of publisher Buddha Books,
Year of publication 2020.
300 ## - PHYSICAL DESCRIPTION
Number of Pages 72p.
650 ## - SUBJECT ADDED ENTRY--TOPICAL TERM
Topical Term Poetry Malayalam
650 ## - SUBJECT ADDED ENTRY--TOPICAL TERM
Topical Term Literature Malayalam
650 ## - SUBJECT ADDED ENTRY--TOPICAL TERM
Topical Term Literature
942 ## - ADDED ENTRY ELEMENTS (KOHA)
Koha item type Book
Holdings
Withdrawn status Lost status Damaged status Not for loan Permanent Location Current Location Shelving location Date acquired Cost, normal purchase price Full call number Accession Number Price effective from Koha item type
        Sree Sankaracharya University of Sanskrit Sree Sankaracharya University of Sanskrit Stacks 29.07.2022 60.00 M1 SIV/G 102838 29.07.2022 Book
        Sree Sankaracharya University of Sanskrit Sree Sankaracharya University of Sanskrit Stacks 29.07.2022 60.00 M1 SIV/G 102839 29.07.2022 Book